| 000 | 00342nam a22001337a 4500 | ||
|---|---|---|---|
| 020 | _qPB. | ||
| 040 | _cFIZZA ISHAQ | ||
| 082 |
_a910.285 _bCRO |
||
| 100 |
_aA,CROOKS. _991837 |
||
| 245 |
_aAGENT BASED MODELLING & GEOGRAPHICAL INFORMATION SYSTEM / _cCROOKS A. |
||
| 260 |
_aNEW YORK ; _bSAGE, _c2019. |
||
| 300 | _a378 P. ; | ||
| 942 |
_2ddc _cBK |
||
| 999 |
_c589973 _d589973 |
||